MDQL
is popping MORE tags! Check the
thread
!
Quizzes
Events
Quiz Creation
Community
Videos
Private Events
Remove Ads
Sign In
Join for FREE
Feedback
Dark Mode
Quiz Categories
Sports
Geography
Music
Movies
Television
Just For Fun
Miscellaneous
History
Literature
Language
Science
Gaming
Entertainment
Religion
Holiday
For Kids
Quiz Lab
Recent
Popular Today
Quiz Kudos Today
Editor Picks
Curator Picks
Quizzes by...
Day
Popularity
Type
Ratings
Length
Year
Community
Subscriptions
Recent Discussions
Orange Saloon
Badges
Playlists
Quests
Create
Leaderboards
Showdown
Live 5
Trivia Bingo
Activity
Puzzle Library
Sporcle Events
Private Events
Virtual Trivia
Globe League
Become a Host
Pub Owners
SporcleCon
Opinionation
Our Games
Videos
Blog
Mobile Apps
Partnerships
Remove Ads and Go Orange
Feedback
Music
Pop Music
The Beatles
Song
Album
Lyrics
Bands
Singers
Artist
Clip
Rock
Rap
Classical
Billboard
Country Music
Kpop
Taylor Swift
Music
Pop Music
The Beatles
Song
Album
Lyrics
Bands
Singers
Artist
Clip
Rock
Rap
Classical
Billboard
Country Music
Kpop
Taylor Swift
Random Quiz
Search Sporcle
×
Quiz Lab
Quiz Lab
Music
Boy
Type in answers that appear in a list
Type in answers that appear in a list
Classic
Best Score? Go Orange.
Lost boy lyrics Stats
Can you name the Lost boy - lyrics?
By
rebbruun
10m
298 Questions
153 Plays
153 Plays
153 Plays
Comments
Comments
Give Quiz Kudos
Give Quiz Kudos
-
- Ratings
hide this ad
Replay
Link that replays current quiz
Next Quiz
Link to next quiz in quiz playlist
You Got
0%
They Got
Avg Score
20%
Avg Friend Score
Upgrade to see
Score Distribution
Jump to the score distribution portion of the page
Score
0/298
Timer
10:00
0
Plays Today
Answer
% Correct
the
76.5%
a
76.5%
and
76.5%
the
76.5%
a
76.5%
a
76.5%
a
76.5%
a
76.5%
the
76.5%
a
76.5%
and
76.5%
the
76.5%
a
76.5%
a
76.5%
a
76.5%
a
76.5%
a
76.5%
a
76.5%
a
76.5%
a
76.5%
a
76.5%
there
57.5%
there
57.5%
there
57.5%
lost
52.3%
lost
52.3%
lost
52.3%
lost
52.3%
lost
52.3%
lost
52.3%
lost
52.3%
lost
52.3%
lost
52.3%
lost
52.3%
lost
52.3%
lost
52.3%
lost
52.3%
boy
51.6%
boy
51.6%
boy
51.6%
boy
51.6%
boy
51.6%
boy
51.6%
boy
51.6%
boy
51.6%
boy
51.6%
boy
51.6%
boy
51.6%
boy
51.6%
boy
51.6%
I
47.1%
I
47.1%
I
47.1%
I
47.1%
I
47.1%
I
47.1%
I
47.1%
I
47.1%
I
47.1%
I
47.1%
time
32%
time
32%
from
31.4%
from
31.4%
when
30.1%
to
22.2%
to
22.2%
to
22.2%
to
22.2%
to
22.2%
to
22.2%
to
22.2%
I'm
21.6%
I'm
21.6%
I'm
21.6%
I'm
21.6%
I'm
21.6%
I'm
21.6%
I'm
21.6%
I'm
21.6%
I'm
21.6%
I'm
21.6%
I'm
21.6%
I'm
21.6%
I'm
21.6%
I'm
21.6%
I'm
21.6%
I'm
21.6%
I'm
21.6%
I'm
21.6%
I'm
21.6%
I'm
21.6%
I'm
21.6%
you
13.1%
me
13.1%
you
13.1%
you
13.1%
you
13.1%
me
13.1%
you
13.1%
Answer
% Correct
you
13.1%
you
13.1%
you
13.1%
me
13.1%
you
13.1%
you
13.1%
you
13.1%
you
13.1%
you
13.1%
me
13.1%
you
13.1%
you
13.1%
you
13.1%
you
13.1%
me
13.1%
you
13.1%
me
13.1%
me
13.1%
me
13.1%
me
13.1%
me
13.1%
me
13.1%
me
13.1%
you
13.1%
you
13.1%
me
13.1%
you
13.1%
you
13.1%
me
13.1%
you
13.1%
you
13.1%
you
13.1%
in
11.8%
is
11.8%
is
11.8%
in
11.8%
in
11.8%
is
11.8%
is
11.8%
is
11.8%
can
11.1%
can
11.1%
can
11.1%
place
9.8%
place
9.8%
who
9.8%
place
9.8%
place
9.8%
who
9.8%
who
9.8%
your
9.2%
so
9.2%
your
9.2%
for
8.5%
like
8.5%
for
8.5%
like
8.5%
like
8.5%
for
8.5%
like
8.5%
for
8.5%
like
8.5%
like
8.5%
like
8.5%
for
8.5%
like
8.5%
like
8.5%
last
7.8%
find
7.8%
come
7.8%
find
7.8%
last
7.8%
were
7.8%
find
7.8%
come
7.8%
find
7.8%
come
7.8%
find
7.8%
come
7.8%
find
7.8%
come
7.8%
find
7.8%
come
7.8%
find
7.8%
come
7.8%
find
7.8%
find
7.8%
come
7.8%
come
7.8%
find
7.8%
find
7.8%
find
7.8%
come
7.8%
lonely
7.2%
without
7.2%
that
7.2%
coming
7.2%
need
7.2%
just
7.2%
without
7.2%
Answer
% Correct
without
7.2%
without
7.2%
that
7.2%
coming
7.2%
need
7.2%
just
7.2%
without
7.2%
without
7.2%
without
7.2%
without
7.2%
without
7.2%
without
7.2%
coming
7.2%
need
7.2%
just
7.2%
without
7.2%
Can't
6.5%
feel
6.5%
I've
6.5%
I've
6.5%
can't
6.5%
anybody
6.5%
can't
6.5%
I've
6.5%
I've
6.5%
can't
6.5%
anybody
6.5%
anybody
6.5%
cause
5.9%
cause
5.9%
somebody
5.9%
cause
5.9%
somebody
5.9%
somebody
5.9%
cause
5.9%
of
5.9%
cause
5.9%
cause
5.9%
cause
5.9%
somebody
5.9%
cause
5.9%
somebody
5.9%
somebody
5.9%
cause
5.9%
somebody
5.9%
cause
5.9%
cause
5.9%
somebody
5.9%
somebody
5.9%
Remember
5.2%
saw
5.2%
face
5.2%
been
5.2%
back
5.2%
face
5.2%
because
5.2%
rescue
5.2%
waiting
5.2%
remember
5.2%
been
5.2%
back
5.2%
face
5.2%
because
5.2%
rescue
5.2%
waiting
5.2%
rescue
5.2%
because
5.2%
waiting
5.2%
crowded
4.6%
space
4.6%
days
4.6%
days
4.6%
nothing
4.6%
than
4.6%
living
4.6%
world
4.6%
days
4.6%
days
4.6%
nothing
4.6%
than
4.6%
left
3.9%
direction
3.9%
trying
3.9%
bring
3.9%
walked
3.9%
fact
3.9%
better
3.9%
heard
3.9%
voice
3.9%
sat
3.9%
silence
3.9%
noise
3.9%
perfection
3.9%
trying
3.9%
bring
3.9%
walked
3.9%
fact
3.9%
better
3.9%
Quiz Playlist
Details
Report
Send in Message
Add To Playlist
Classic:
Type in answers that appear in a list
Last Updated: Feb 16, 2017
Quiz Scoreboard
CHALLENGE
Sign Up to Join the Scoreboard
Show All
Scores
Hide
Comments
May contain spoilers
Recently Published
1-10 Letter E Words III
by El_Dandy
Language
2m
Street Fighter Characters
by Artimus82
Gaming
60s
College Basketball Coaching Resumes
by pancakes188
Sports
9m
More to Explore
Quiz From the Vault
Featured Blog Post
Where Did the Easter Bunny Come From?
hide this ad
You Might Also Like...
Tags
Boy
Today's Top Quizzes in Music
Browse Music
hide this ad
Today's Top Quizzes in Boy
Browse Boy
Top Contributed Quizzes in Music
1
Taylor Swift All Songs (2024)
2
Taylor Swift Logic Puzzle
3
Guess the Artist- 70s Songs
4
7-to-1: Billboard Hot 100 #1 Hits of 2010s
5
Sorting Albums and Songs
6
KPOP LOGIC QUIZ
7
Billboard Blitz: Aretha Franklin
8
Guess the Taylor Swift song (Mystery Song)
9
Guess The Taylor Swift Lyrics Song #1
10
Billboard Blitz: ABBA
Explore More
Trending Topics
Marvel
NBA
Disney
Harry Potter
Anime
Kpop
Crossword
Soccer
WWE
Country
The Office
Pokémon
NFL
Puzzle
Song
hide this ad
More By:
rebbruun
Quiz
Plays
Rating
Category
Featured
Created
5SOS Quiz
5,218
3.63
Music
May 7, 2015
Bohemian Rhapsody lyrics
4,290
3.33
Music
Oct 11, 2018
Secret Love Song lyrics
3,385
3.43
Music
Feb 24, 2016
Click the band member: All Time Low
2,192
3.43
Music
May 3, 2016
Click the cast from Once Upon A Time
2,026
4.38
Television
Aug 1, 2016
Go to Creator's Profile
Score Distribution
Quiz Creator Spotlight
rebbruun
Follow
Send a Message
Quizzes Created
-
Created Quiz Play Count
-
More By This Creator
Popular Quizzes Today
1
Find the US States - No Outlines Minefield
2
Find the Countries of Europe - No Outlines Minefield
3
Find the US States
4
The Countries of the World
5
Risky Map Clicking: Biggest States A-Z
6
US States
7
Popular People in 1961
8
Movies - When Are They Set?
More Music Quizzes
Taylor Swift songs on Midnights
Quiz Lab
Trending Quizzes
Risky Map Clicking: Least Populous States A-Z
1-10 Letter G Words
Countries of the World: 200 Million BC
1-10 Letter F Words
Risky Map Clicking: Next State Alphabetically
Recently Updated
Largest US Cities 1790-2010
pecheneg
Rides in Walt Disney World
pecheneg
Most Oscar Losses (Acting)
pecheneg
Beyoncé Albums
pecheneg
Leaping Animals
pecheneg
Reality TV Shows (A-Z)
bhenderson79
Rickey Henderson's Hall of Fame Teammates
pecheneg
Champions League XIs: Arsenal
pecheneg
Quick Pick: Celebrities in WWE's Hall of Fame
aduchscher
A-Z Keypad Blitz II
pecheneg
Trending Topics
Harry Potter
Crossword
Disney
Anime
NBA
Marvel
Kpop
Country
WWE
Soccer
Pokémon
NFL
Puzzle
The Office
Song
Your Account Isn't Verified!
In order to create a playlist on Sporcle, you need to verify the email address you used during registration. Go to your
Sporcle Settings
to finish the process.
Report this User
Report this user for behavior that violates our
Community Guidelines
.
Details:
Send Report
Go to the Sporcle.com Mobile Site →
Comments